[Event "IECC Y2KO email"]
[Site "IECC email"]
[Date "1999.10.14"]
[Round "?"]
[White "Hesford, Justin"]
[Black "Perz, Martial"]
[Result "0-1"]
[WhiteElo "1000"]
[BlackElo "1888"]
[PlyCount "32"]
[EventDate "1999.??.??"]
[EventType "tourn (corr)"]
[EventRounds "2"]
[SourceTitle "Corr 2008"]
[Source "ChessBase"]
[SourceDate "2008.06.24"]
[SourceVersion "1"]
[SourceVersionDate "2008.06.24"]
[SourceQuality "1"]

1. e4 d6 2. Nf3 Nf6 3. Nc3 g6 4. d4 Bg7 5. h3 0-0 6. e5 dxe5 7. Nxe5 Nd5 8. Qf3 Nb4 9. Bc4 Nxc2+ 10. Kd1 Nxa1 11. Nd5 c6 12. Nxf7 Rxf7 13. Ne3 Qxd4+ 14. Bd2 e6 15. Qe2 Qxb2 16. Qd3 b5 0-1